Départements les plus ouvriers de France - Statistiques

Statistiques générales
  • Ce quiz a été pris 33 fois
  • Le résultat moyen est 5 sur 10
Statistiques - réponses
Part d'ouvriers Département % Correct
30.7 % Aisne
76%
29.8 % Jura
55%
29.5 % Meuse
55%
30.0 % Ardennes
52%
30.3 % Haute-Saône
52%
29.2 % Vosges
52%
31.0 % Haute-Marne
34%
30.6 % Orne
31%
30.7 % Vendée
31%
31.4 % Mayenne
24%
Aucun quiz correspondant
Distribution des résultats
% des personnes avec chaque résultat
Percentile par nombre de réponses
Votre historique - résultats
Vous n’avez pas pris ce quiz